000 00673nmc a2200253 a 4500
003 AR-BaBNM
005 20251128204716.0
008 100020s1992 ||||||||||||||000 | spa||
020 _a958-24-0010-2
040 _cAR-BaBNM
100 1 _aCela, Camilo José
245 1 0 _aLa bandada de palomas
260 _aBuenos Aires
_aBogotá
_bSantillana
_bAlfaguara
_c1992
300 0 _a31 p.
_bil.
490 0 _aInfantil Alfaguara
_vv. 1
650 4 _aLITERATURA INFANTIL
650 4 _aLIBROS PARA NINOS
650 4 _aCUENTOS DE ANIMALES
650 4 _aLITERATURA ESPANOLA
655 _aLITERATURA
700 1 _aElena, Horacio
_eilustrador
942 _cBK
998 _cCarmen
999 _c8513
_d8513